Oncology pharmacy practice : (Record no. 20714)
[ view plain ]
| 000 -LEADER | |
|---|---|
| fixed length control field | 02486cam a22003858i 4500 |
| 003 - CONTROL NUMBER IDENTIFIER | |
| control field | OSt |
| 005 - DATE AND TIME OF LATEST TRANSACTION | |
| control field | 20250610101526.0 |
| 006 - FIXED-LENGTH DATA ELEMENTS--ADDITIONAL MATERIAL CHARACTERISTICS | |
| fixed length control field | m |o d | |
| 008 - FIXED-LENGTH DATA ELEMENTS--GENERAL INFORMATION | |
| fixed length control field | 210413s2021 nyu ob 001 0 eng |
| 020 ## - INTERNATIONAL STANDARD BOOK NUMBER | |
| International Standard Book Number | 9781536195804 |
| Qualifying information | (adobe pdf) |
| 020 ## - INTERNATIONAL STANDARD BOOK NUMBER | |
| Canceled/invalid ISBN | 9781536195644 |
| Qualifying information | (hardcover) |
| 040 ## - CATALOGING SOURCE | |
| Original cataloging agency | DLC |
| Language of cataloging | eng |
| Transcribing agency | DLC |
| Description conventions | rda |
| 042 ## - AUTHENTICATION CODE | |
| Authentication code | pcc |
| 050 00 - LIBRARY OF CONGRESS CALL NUMBER | |
| Classification number | RC271 |
| Item number | .O53 2021 |
| 245 00 - TITLE STATEMENT | |
| Title | Oncology pharmacy practice : |
| Remainder of title | the clinical pharmacist's perspective / |
| Statement of responsibility, etc. | Songul Tezcan, & Sule Rabus, editors. |
| 263 ## - PROJECTED PUBLICATION DATE | |
| Projected publication date | 2107 |
| 264 #1 - PRODUCTION, PUBLICATION, DISTRIBUTION, MANUFACTURE, AND COPYRIGHT NOTICE | |
| Place of production, publication, distribution, manufacture | New York : |
| Name of producer, publisher, distributor, manufacturer | Nova Science Publishers, |
| Date of production, publication, distribution, manufacture, or copyright notice | [2021] |
| 300 ## - PHYSICAL DESCRIPTION | |
| Extent | 1 online resource |
| 336 ## - CONTENT TYPE | |
| Content type term | text |
| Content type code | txt |
| Source | rdacontent |
| 337 ## - MEDIA TYPE | |
| Media type term | computer |
| Media type code | c |
| Source | rdamedia |
| 338 ## - CARRIER TYPE | |
| Carrier type term | online resource |
| Carrier type code | cr |
| Source | rdacarrier |
| 490 0# - SERIES STATEMENT | |
| Series statement | Pharmacology - research, safety testing and regulation |
| 504 ## - BIBLIOGRAPHY, ETC. NOTE | |
| Bibliography, etc | Includes bibliographical references and index. |
| 520 ## - SUMMARY, ETC. | |
| Summary, etc. | "Incidence of cancer is increasing all over the world and personalized therapies have become the trend in cancer therapy. Multidisciplinary approaches provide successful results for personalized therapies. As a part of a multidisciplinary healthcare team, oncology pharmacists (OPs) contribute to the rational use of chemotherapy by providing individual pharmaceutical care for cancer patients. A multidisciplinary approach is crucial for the success of cancer therapy. Pharmacists acting as a counsellor for medication-related issues in the multidisciplinary team have a vital role in the oncology setting. OPs are the clinical pharmacists specialized in oncology and they are involved in planning and implementation of pharmaceutical care. Additionally, OPs play an important role in providing comprehensive medication management and related care for cancer patients. We hope that this book will contribute to pharmacists' knowledge and practice in cancer management by provision of a clinical pharmacist's perspective"-- |
| Assigning source | Provided by publisher. |
| 588 ## - SOURCE OF DESCRIPTION NOTE | |
| Source of description note | Description based on print version record and CIP data provided by publisher; resource not viewed. |
| 650 #0 - SUBJECT ADDED ENTRY--TOPICAL TERM | |
| Topical term or geographic name as entry element | Cancer |
| General subdivision | Chemotherapy. |
| 650 #0 - SUBJECT ADDED ENTRY--TOPICAL TERM | |
| Topical term or geographic name as entry element | Clinical pharmacology. |
| 700 1# - ADDED ENTRY--PERSONAL NAME | |
| Personal name | Tezcan, Songul, |
| Relator term | editor. |
| 700 1# - ADDED ENTRY--PERSONAL NAME | |
| Personal name | Rabus, Sule, |
| Relator term | editor. |
| 700 1# - ADDED ENTRY--PERSONAL NAME | |
| Personal name | Sancar, Mesut, |
| Relator term | editor. |
| 776 08 - ADDITIONAL PHYSICAL FORM ENTRY | |
| Relationship information | Print version: |
| Title | Oncology pharmacy practice |
| Place, publisher, and date of publication | New York : Nova Science Publishers, [2021] |
| International Standard Book Number | 9781536195644 |
| Record control number | (DLC) 2021017278 |
| 906 ## - LOCAL DATA ELEMENT F, LDF (RLIN) | |
| a | 7 |
| b | cbc |
| c | orignew |
| d | 1 |
| e | ecip |
| f | 20 |
| g | y-gencatlg |
| 942 ## - ADDED ENTRY ELEMENTS (KOHA) | |
| Source of classification or shelving scheme | Library of Congress Classification |
| Koha item type | General Collection |
| Withdrawn status | Lost status | Source of classification or shelving scheme | Not for loan | Home library | Current library | Date acquired | Inventory number | Total Checkouts | Full call number | Barcode | Date last seen | Copy number | Price effective from | Koha item type |
|---|---|---|---|---|---|---|---|---|---|---|---|---|---|---|
| Library of Congress Classification | Kabarak, Main Campus | Kabarak, Main Campus | 10/06/2025 | 2025/2016 | RC271 .O53 2021 C.1 | 33789 | 10/06/2025 | C.1 | 10/06/2025 | General Collection | ||||
| Library of Congress Classification | Kabarak, Main Campus | Kabarak, Main Campus | 10/06/2025 | 2025/2017 | RC271 .O53 2021 C.2 | 33780 | 10/06/2025 | C.2 | 10/06/2025 | General Collection |